000 00717cam a22002174a 4500
020 _a9780896291782
020 _a0896291782
040 _cDLC
082 0 0 _a363 REF 2010 C077 Or.
100 1 _aHeadey, Derek.
245 1 0 _aReflections on the global food crisis :
_bhow did it happen? how has it hurt? and how can we prevent the next one? /
260 _aWashington, D.C. :
_bInternational Food Policy Research Institute,
_cc2010.
300 _axvii, 122 p. :
_bill. ;
_c23 cm.
490 1 _aIFPRI research monograph ;
650 0 _aFood supply.
650 0 _aFood security.
650 0 _aFood prices.
700 1 _aFan, Shenggen.
710 2 _aInternational Food Policy Research Institute.
942 _cAEDBB
999 _c21378
_d21378